000 00827nam a22002891 4500
001 23280
003 BD-RjUL
005 20211209000919.0
008 140310s1964 njub b 00110 eng d
035 _a(BD-RjUL)23345
040 _aDLC
_cDLC
_dBD-RjUL
_beng
041 _aeng
082 _a915.489
_bARC 1964
090 _aDS489.5
_bF641
100 1 _aArasaratnam, Sinnappah.
_971762
245 1 0 _aCeylon /
_c[by] S. Arasaratnam.
260 _aEnglewood Cliffs, N.J. :
_bPrentice-Hall,
_c1964.
300 _avi, 182 p. :
_bmaps. ;
_c21 cm.
490 0 _aThe Modern nations in historical perspective.
490 0 _aA Spectrum book.
500 _aIncludes index.
504 _aBibliography: p. 173-177.
650 _aHistory.
_971763
651 0 _aSri Lanka
_xHistory.
_971764
942 _2ddc
_cBK
999 _c23280
_d23280